000
00332nam a2200133Ia 4500
005
20251222153538.0
008
251222s9999||||xx |||||||||||||| ||spa||
082
_a
610/B24
100
_a
Barbero, Javier
245
0
_a
Comunicación en Oncología Clínica
250
_a
1ra. ed.
264
_b
Editorial Just in Time
942
_c
LIB
999
_c
30355
_d
30355